Návrh merania a regulácie hladiny parného kondenzátu

Enregistré dans:
Détails bibliographiques
Auteur principal: Šarik, Maroš (Auteur)
Autres auteurs: Gabera, Rastislav (Directeur de thèse)
Format: Manuscrit Livre
Langue:slovaque
Publié: 2023
Sujets:
Accès en ligne:http://is.stuba.sk/zp/portal_zp.pl?podrobnosti=164345
Tags: Ajouter un tag
Pas de tags, Soyez le premier à ajouter un tag!

MARC

LEADER 00000ntm a22000003a 4500
001 stuzp89233
003 SK-STU
005 20230909211145.3
007 ta
008 150427s2015----xo-----f-mn---000-0-slo-d
040 |a STU  |b slo 
041 0 |a slo 
100 1 |a Šarik, Maroš  |u 066000  |4 aut  |U MTF Materiálovotechnologická fakulta  |T MTF Ústav aplikovanej informatiky, automatizácie a mechatroniky  |X 91620  |U M6000  |Y 86  |7 91620 
242 0 1 |a Design of measurement and regulation of steam condensate level  |y eng 
245 1 0 |a Návrh merania a regulácie hladiny parného kondenzátu 
260 |c 2023 
650 4 |a meranie hladiny  |2 slo 
650 4 |a PID regulácia  |2 slo 
650 4 |a parný bubon  |2 slo 
650 4 |a Meranie a regulácia  |2 slo 
650 4 |a vysielač tlakovej diferencie  |2 slo 
650 4 |a steam drum  |2 eng 
650 4 |a level measurement  |2 eng 
650 4 |a PID controller  |2 eng 
650 4 |a Measurement and regulation  |2 eng 
650 4 |a differential pressure transmitter  |2 eng 
700 1 |a Gabera, Rastislav  |4 ths  |X 33267  |7 33267 
856 4 |u http://is.stuba.sk/zp/portal_zp.pl?podrobnosti=164345 
996 |c M* DP-15246  |l MMSKP  |s P  |a 0  |w stuzp89233_0001